000 00372nam a22001577a 4500
005 20160613155047.0
008 160613b xxu||||| |||| 00| 0 eng d
041 _aeng
082 _b7288
100 _aGautam, Shefali and Others
_91815
245 _aInternational Journal of Mgt. Sciences
260 _bSIMS
300 _a152
650 _aManagement
_9241
942 _cBK
999 _c2550
_d2549